000 00307 a2200145 4500
001 169537
020 _a
040 _cMagnum
100 _aPrzybylski, Edy
240 1 0 _aO supervisor escolar em acao
_lpor
245 1 0 _aO supervisor escolar em acao
362 0 _a1899
697 _aENSINO
942 _cBK
999 _c169537
_d169537